| 000 | 00809nam a22002297a 4500 | ||
|---|---|---|---|
| 005 | 20251202131705.0 | ||
| 008 | 251202b |||||||| |||| 00| 0 eng d | ||
| 017 | _aLD.2859 | ||
| 018 | _a2025 | ||
| 020 | _a9789788557227 | ||
| 040 |
_aNLN _bEnglish _eAACR2 |
||
| 050 |
_aDT515.83.A481 _bA3 |
||
| 082 | _a923.4669 | ||
| 100 |
_aAMAIZE, Roland I. _eaut _968899 |
||
| 245 |
_aThe man Roland Izebe Amaize, birth, early life, Education, family and working lives / _cRoland Izebe Amaize |
||
| 260 |
_aBenin City, Edo State (P. O. Box 5089, No. 22, Benin Technical College Road Ugbowo) : _bMindex Publishing Company, _c2022 |
||
| 300 |
_axvii, 385p. : _bcol. ports. ; 22cm. |
||
| 563 | _a(pbk.) | ||
| 650 |
_aAmaize, Roland Izebe, 1948- _968900 |
||
| 650 |
_aJudges _vNigeria _xBiography _938012 |
||
| 942 |
_cBK _n0 |
||
| 999 |
_c33968 _d33968 |
||